000 01037cam a2200337 a 4500
999 _c2602
_d2602
001 130483
003 GBCCL
005 20241126110433.0
008 921124s1991 caua 001 0 eng d
020 _a0830714723 (pbk.)
020 _a9780830714728 (pbk.)
029 1 _aAU@
_b000013991335
035 _a(OCoLC)ocm27021159
035 _a(OCoLC)27021159
037 _aT5122
_bGospel Light
040 _aIMC
_cIMC
_dOCLCG
_dLBB
041 1 _aeng
_heng
049 _aLBBP
082 _a268.432
_a220.07
_bBIG
092 _a220.07
_bB48
245 0 4 _aThe big picture Bible time line /
_cCompiled by Carol Eide ; illustrated by Chizuko Yasuda ; designed by Carolyn Gillman.
260 _aVentra, Calif. :
_bGospel Light,
_cc1991.
300 _axii, 78 p. :
_bchiefly ill. ;
_c28 cm.
500 _aIncludes index.
630 0 0 _aBible
_vChronology.
_95469
650 0 _aBible
_xChildren's use.
_95470
700 1 _aEide, Carol,
_d1961-
_95471
700 1 _aYasuda, Chizuko.
_95472
700 1 _aGillman, Carolyn.
_95473
942 _2ddc
_cBK